000 00302nam a2200133Ia 4500
100 _aElgerd/Olle L
942 _cBK
654 _aelectric
245 _aElectric energy systems theory
260 _bTata Mc Graw hill
_aNew Delhi
_c1983
082 _a621.3104
_bELG
300 _a533
546 _aENGLISH
999 _c33935
_d33935